000
00251nam a22001217a 4500
041
_a
ENG
100
_a
Butterworth .Bill
245
_a
Farm Tractors
260
_a
London
_b
E.& F.N Spon
_c
1996
300
_a
149
650
_a
FMP
856
_u
FMP ( 04 )
999
_c
1433
_d
1433